00760nam a2200217 i 450000100060000000300090000600500170001500700030003200800410003510000250007624500840010125000150018526000460020030000220024649000250026870000450029383000330033885200320037199900170040395201220042078598ES-MaACL20230906173747.0t|041015s1972 sp ||||1| spa d1 aHebert, Anne.96226010aKamuraska / cpor Anne Hebert ; [traducción de J. Mª Martínez Monasterio]. a[1ª ed.]. a[Barcelona] : bPlaza & Janés, c[1972] a250 p. ; c20 cm.1 aNovelistas del día1 aMartínez Monasterio, José M.91836000 aNovelistas del día9180813 aES-MaACLjC-43200 bR.82406 c78598d78598 00104070aATENEOMbATENEOMcDEPO2d2008-01-17eSCl0oC-43200p1082207r2023-02-23 00:00:00w2023-02-23yMONOGRAFIA